000 01432cam a2200361 i 4500
001 195734
003 ES-MaACL
005 20250112063037.0
008 24 s2009 sp 000 0 spa c
017 _aB 33705-2009
020 _a9788497841474
035 _aRebiun02414867
040 _aSpMaUCFS.
_dUAL.
_dBUS
_bspa
_cES-MaACL
080 _a316.7(430)"1919/1933"
100 _aKracauer, Siegfried,
_d1889-1966
_9237406
_eaut
245 1 0 _aConstrucciones y perspectivas :
_bEl ornamento de la masa 2 /
_cSiegfried Kracauer ; traducción de Valeria Grinberg Pla ; prólogo de María Pía López ; epílogo de Carlos Eduardo Jordao Machado
260 _aBarcelona :
_bGedisa,
_c2009
300 _a190 p. ;
_c20 cm
336 _2rdacontent
_atexto
337 _2rdamedia
_asin mediación
338 _2rdacarrier
_avolumen
490 1 _aDimensión Clásica.
_pTeoría social
526 _a1820017
650 0 0 _aAlemania-
_xCultura popular
_9237407
700 _aGrinberg Pla, Valeria,
_d1968-
_9237408
_etrl
700 _aMinelli, Maria Pia
_9237409
_eaui
830 _aDimensión Clásica.
_pTeoría social
_9239443
852 _aES-MaACL
_cDEPOJ
_jN-8740
_hDonación: Editorial
_xEncuadernación rústica
_9204521
942 _2udc
_cMONOGRAFIA
_n0
954 _iTatiana Alejandra de Castro Pérez
999 _c195734
_d195734